Marvel Rivals: Thor Skins by Picture - Statistics

General Stats
  • This quiz has been taken 10 times
  • The average score is 5 of 9
Answer Stats
Picture Answer % Correct
Thor: Love and Thunder
100%
Reborn from Ragnarok
75%
Azure Skies
50%
Herald of Thunder
50%
Lightning Fast
50%
Lord of Asgard
50%
Majestic Raiment
50%
Midgard Umber
50%
Worthy Waves
50%
No matching quizzes found
Score Distribution
Percent of People with Each Score
Percentile by Number Answered
Your Score History
You have not taken this quiz